Vplyv vykazovania trvalo udržateľného rozvoja na majetkovú podstatu podniku
Vplyv zavedenia jednotlivých štandardov na majetkovú podstatu podniku v širšom kontexte s dôrazom na identifikáciu faktorov zvyšovania výkonnosti a význam vykazovania spoločenskej zodpovednosti ako informačnej základne pre manažment a investora.
Salvato in:
| Autore principale: | |
|---|---|
| Natura: | Capitolo di libro |
| Lingua: | slovacco |
| Soggetti: | |
| Tags: |
Nessun Tag, puoi essere il primo ad aggiungerne!!
|
MARC
| LEADER | 00000nla a2200000 4500 | ||
|---|---|---|---|
| 001 | 0227194 | ||
| 005 | 20240502073738.3 | ||
| 041 | 0 | |a slo | |
| 044 | |a SK | ||
| 245 | 1 | 0 | |a Vplyv vykazovania trvalo udržateľného rozvoja na majetkovú podstatu podniku |c Zuzana Kubaščíková |
| 520 | |a Vplyv zavedenia jednotlivých štandardov na majetkovú podstatu podniku v širšom kontexte s dôrazom na identifikáciu faktorov zvyšovania výkonnosti a význam vykazovania spoločenskej zodpovednosti ako informačnej základne pre manažment a investora. | ||
| 610 | 2 | 0 | |a účtovníctvo ekologické |
| 610 | 2 | 0 | |a metódy účtovné |
| 610 | 2 | 0 | |a informácie účtovné |
| 610 | 2 | 0 | |a výkazy účtovné |
| 610 | 2 | 0 | |a imanie vlastné |
| 610 | 2 | 0 | |a zodpovednosť spoločenská |
| 100 | 1 | |a Kubaščíková, Zuzana, 1982- | |